[Event "GER-ch U25-B"]
[Site "Willingen"]
[Date "2017.06.08"]
[Round "7"]
[White "Chouiki, Tarek"]
[Black "Reyher, Bastian"]
[Result "1-0"]
[WhiteElo "1181"]
[BlackElo "1110"]
[PlyCount "63"]
[EventDate "2017.06.04"]
[EventType "swiss"]
[EventRounds "9"]
[EventCountry "GER"]
[SourceTitle "CBM 178 Extra"]
[Source "ChessBase"]
[SourceDate "2017.06.22"]
[SourceVersion "1"]
[SourceVersionDate "2017.06.22"]
[SourceQuality "1"]

1. e4 e5 2. Nf3 Nc6 3. Bc4 Bc5 4. d3 d6 5. Ng5 f6 6. Nf7 Qe7 7. Nxh8 Nh6 8. Qh5+ Kf8 9. Bxh6 Be6 10. Bxe6 Qxe6 11. Bd2 Nd4 12. Qd1 Ke7 13. c3 Nc6 14. b4 Bb6 15. a4 a5 16. b5 Na7 17. Qe2 Rxh8 18. c4 Bd4 19. Bc3 Bc5 20. Bxa5 b6 21. Bc3 Rf8 22. a5 f5 23. 0-0 f4 24. axb6 Bxb6 25. Qf3 Qg6 26. Ba5 Nc8 27. Bxb6 Nxb6 28. Nc3 Kd7 29. Nd5 Nc8 30. Qh3+ Kd8 31. Ra8 Ke8 32. Qxc8+ 1-0

[Event "GER-ch U25-B"]
[Site "Willingen"]
[Date "2017.06.05"]
[Round "3"]
[White "Chouiki, Tarek"]
[Black "Wagner, Margarethe"]
[Result "0-1"]
[WhiteElo "1181"]
[BlackElo "1293"]
[PlyCount "112"]
[EventDate "2017.06.04"]
[EventType "swiss"]
[EventRounds "9"]
[EventCountry "GER"]
[SourceTitle "CBM 178 Extra"]
[Source "ChessBase"]
[SourceDate "2017.06.22"]
[SourceVersion "1"]
[SourceVersionDate "2017.06.22"]
[SourceQuality "1"]

1. e4 c5 2. Nf3 Nc6 3. Bb5 g6 4. 0-0 Bg7 5. c3 e5 6. Bxc6 bxc6 7. d4 cxd4 8. cxd4 exd4 9. Nxd4 Ne7 10. Nc3 0-0 11. Re1 Re8 12. Be3 Qc7 13. Rc1 a6 14. Qb3 Rb8 15. Qc4 Be5 16. g3 Rxb2 17. Bg5 Rb7 18. f4 Bxd4+ 19. Qxd4 Qb6 20. Qxb6 Rxb6 21. f5 Bb7 22. Rcd1 c5 23. Rxd7 Nxf5 24. Rd8 Rxd8 25. Bxd8 Re6 26. g4 Nd4 27. Rb1 Bxe4 28. Nxe4 Rxe4 29. Bf6 Rxg4+ 30. Kh1 Nb5 31. Rc1 Rf4 32. Be7 c4 33. a4 Na7 34. Rd1 Nc6 35. Bg5 Rg4 36. Rd6 Rxg5 37. Rxc6 Rg4 38. Rxa6 c3 39. Rc6 Rxa4 40. Rxc3 Ra2 41. h3 Kg7 42. Rg3 f5 43. Rg2 Rxg2 44. Kxg2 Kf6 45. Kf3 g5 46. Kg3 Ke5 47. Kf3 h5 48. Ke3 g4 49. hxg4 hxg4 50. Kf2 f4 51. Kg1 Ke4 52. Kf2 g3+ 53. Kg1 f3 54. Kf1 Ke3 55. Ke1 f2+ 56. Kf1 g2+ 0-1